000 01043nam a2200301 4500
001 0000020154
003 CO-CtgCURN
005 20250331185249.0
007 ta
008 160627s2007 000 0 eng d
020 _a9789702610144
040 _aCO-CtgCURN
_bspa
_ccoctgcurn
082 0 _a658.15
_bG447
100 1 _aGitman, Lawrence J.
245 1 0 _aPrincipios de Administración financiera /
_cLawrence J. Gitman, traducción Miguel Angel Sánchez Carrion.
250 _a11a ed.
260 _aMexico :
_bPearson Educación,
_c2007.
300 _a313 p.
336 _2rdacontent
337 _2rdamedia
_asin mediacion
_bn
338 _2rdacarrier
_avolumen
_bnc
505 8 _aIntroducción a las finanzas administrativas.--Estados financieros y su análisis.--Flujo de efectivo y planificacion financiera
650 1 4 _aEstados financieros.
700 1 _aSánchez Carrion, Miguel Angel.
908 _a160627
942 _cBK
_h658.15
_iG447
_2ddc
999 _c24612
_d24612